000 01578nam0a22003611 4500
001 rc\3170977
005 20231010165748.0
021 _aRU
_b[76-37614]
035 _a(NLR Aleph) 007331881
090 _a6018113
_c6018113
100 _a20120615d1976 |||y0rusy50 ca
101 1 _arus
_ceng
_cfre
102 _aRU
105 _aa z |||||
200 1 _aПроисхождение Солнечной системы
_e[Докл. междунар. симпозиума, 3-7 апр. 1972 г., г. Ницца]
_fПод ред. Г. Ривса
_gПеревод с англ. и фр. под ред. Г.А. Лейкина, В.С. Сафронова
210 _aМосква
_cМир
_d1976
215 _a569 с.
_cил.
_d22
311 _aПеревод изд.: Symposium sur l'origine du systeme solaire (Paris, 1972)
320 _aСписки лит. в конце докл.
320 _aИмен и предм. указ.: с. 558-566
454 0 _12001#$aSymposium sur l'origine du systeme solaire
_1210##$aParis$d1972
606 _aСолнечная система
_xПроисхождение
_jСборники
_2psbo
702 1 _aЛейкин
_bГ. А.
_4340
702 1 _aСафронов
_bВ. С.
_4340
702 1 _6z01790
_aРивс
_bГ.
_4340
712 1 2 _aМеждународный симпозиум по происхождению Солнечной системы (1972; Ницца)
790 1 _6z01702
_aРивс
_bХ.
801 0 _aRU
_bNLR
_gpsbo
801 1 _aRU
_bELAR
_2rusmarc
852 _aNLR
_j76-5/3806
942 _cBOOK
980 _aNB